| 000 | 00956nam a2200301Ia 4500 | ||
|---|---|---|---|
| 001 | dia_2911 | ||
| 003 | CHAP | ||
| 005 | 20251027154137.0 | ||
| 008 | 220117s1989 xx 000 0 und d | ||
| 010 | _a173410 | ||
| 020 | _a968-422-287-4 | ||
| 040 | _cCHAP | ||
| 082 | _a621.01 S65 1989 | ||
| 100 |
_aSmith, J. M. _9107044 |
||
| 245 |
_aIntroducción a la termodinámica en Ingeniería Química / _c J. M. Smith y H. C. Van Ness ; traducción Ileana Velasco Ayala |
||
| 250 | _a4a ed | ||
| 260 |
_aMexico : _b McGraw-Hill, _c1989 |
||
| 300 | _axii, 718 p | ||
| 500 | _aTítulo original: Introduction to chemical engineering thermodynamics | ||
| 503 | _aC/e | ||
| 650 |
_aTermodinámica _9112366 |
||
| 700 |
_aVan Ness, J. M., coaut. _9153740 |
||
| 700 |
_aVelasco Ayala, Ileana, tr. _9153741 |
||
| 901 | _a621.01 S65 1989 | ||
| 902 | _aM | ||
| 905 | _a0000001989 mx amn 0000000000spa00 | ||
| 942 |
_cLIBRO _2ddc |
||
| 999 |
_c173410 _d173410 |
||